| 000 | 00930nam a2200301 i 4500 | ||
|---|---|---|---|
| 003 | EG-GICUC | ||
| 005 | 20260409131440.0 | ||
| 008 | 260409s1907 ua |||fr|||| 00| 0 eng d | ||
| 040 |
_aEG-GiCUC _beng _cEG-GiCUC _dEG-GiCUC _erda |
||
| 082 | 0 | 4 |
_221 _a343.363 _bPA . H |
| 092 | 0 | 4 | _221 |
| 099 | _aLaw1 10 343.363 PA . H 1907 | ||
| 100 | 1 |
_aParquet, Native _eAuthor. |
|
| 245 | 1 | 0 |
_aHints On the Conduct of Criminal Investigation / _cNative Parquet. |
| 264 | 1 |
_aCairo : _bNational Printing Department, _c1907. |
|
| 300 |
_a162 pages; _c24 cm |
||
| 336 |
_2rda content _atext |
||
| 337 |
_2rda media _aComputer |
||
| 338 |
_2rda carrier _aOnline Resource |
||
| 500 | _aIndex | ||
| 546 | _aText in English | ||
| 650 | 1 |
_aInvestigation Procedures _2qrmak |
|
| 650 | 1 |
_aDroit De Panél _2qrmak |
|
| 651 | 1 | _2qrmak | |
| 856 | 4 | 0 | _uhttps://fll.law.cu.edu.eg/fulltext/bks/B10-08638.pdf |
| 905 | _a54 | ||
| 942 |
_2ddc _cBK _e21 _n0 |
||
| 999 |
_c69836 _d69836 |
||